A prospective study of relationship of vascular pedicle width and central venous pressure with ventilator parameters in ventilated patients /
Saved in:
| Main Author: | |
|---|---|
| Format: | Thesis |
| Language: | English |
| Published: |
Pulau Pinang :
Universiti Sains Malaysia,
2008
|
| Subjects: | |
| Tags: |
Add Tag
No Tags, Be the first to tag this record!
|
| LEADER | 017030000a22003490004500 | ||
|---|---|---|---|
| 008 | 140724t2008 my a g m 000 0 eng d | ||
| 040 | |a UIAM |b eng |e rda | ||
| 041 | |a eng may | ||
| 043 | |a a-my--- | ||
| 050 | 0 | |a RA975.5.I56 | |
| 100 | 0 | |a Mohd Fahmi bin Lukman, |c Dr., |e author | |
| 245 | 1 | 2 | |a A prospective study of relationship of vascular pedicle width and central venous pressure with ventilator parameters in ventilated patients / |c by Mohd Fahmi bin Lukman |
| 264 | 1 | |a Pulau Pinang : |b Universiti Sains Malaysia, |c 2008 | |
| 300 | |a xii, 79 leaves : |b illustrations ; |c 30 cm. | ||
| 336 | |2 rdacontent |a text | ||
| 337 | |2 rdamedia |a unmediated | ||
| 338 | |2 rdacarrier |a volume | ||
| 500 | |a "Dissertation submitted in partial fulfillment of the requirements for the degree of Master of Medicine (Anaesthesiology)."--On title page | ||
| 502 | |a Thesis (M.MED. (ANAEST.))--Universiti Sains Malaysia, 2008. | ||
| 504 | |a Includes bibliographical references (leaves 65-71). | ||
| 530 | |a Also available on 4 3/4 in computer optical disc. | ||
| 546 | |a Abstract in Malay and English. | ||
| 596 | |a 1 6 | ||
| 650 | 0 | |a Intensive care units | |
| 650 | 0 | |a Central venous pressure | |
| 650 | 0 | |a Venous pressure | |
| 655 | 0 | 7 | |a Theses, non-IIUM |
| 710 | 2 | |a Universiti Sains Malaysia. |b School of Medical Sciences | |
| 900 | |a oc-amr-hj-a jt | ||
| 999 | |c 438796 |d 469611 | ||
| 952 | |0 0 |6 T RA 000975.5 I56 M697P 2008 |7 0 |8 THESES |9 759831 |a KIMC |b KIMC |c CLOSEACCES |g 0.00 |o t RA 975.5 I56 M697P 2008 |p 11100324627 |r 2019-09-04 |t 1 |v 0.00 |y THESIS | ||
| 952 | |0 0 |6 TS CDF RA 975.5 I56 M697P 2008 |7 0 |8 THESES |9 852568 |a IIUM |b IIUM |c MULTIMEDIA |g 0.00 |o ts cdf RA 975.5 I56 M697P 2008 |p 00010985343 |r 2017-10-26 |t 1 |v 0.00 |y THESISDIG | ||
